Southville International School and Colleges
Your cart is empty.
  • Cart
  • Lists
    Public lists Eva Luna New books Lux_list list_1
    Your lists Log in to create your own lists
  • Log in to your account
  • Your cookies
  • Search history
Southville International School and Colleges
  • Advanced search
  • Recent comments
  • Most popular
  • Libraries

Log in to your account

Log in with GOOGLE


If you do not have an external account, but do have a local account, you can still log in:

  1. Home
  2. MARC view: Quick and easy vest and jackets :
Normal view MARC view ISBD view

Quick and easy vest and jackets : (Record no. 358040)

[ view plain ]
MARC details
000 -LEADER
fixed length control field 00613nam a2200253Ia 4500
008 - FIXED-LENGTH DATA ELEMENTS--GENERAL INFORMATION
fixed length control field 180620s9999 xx 000 0 und d
020 ## - INTERNATIONAL STANDARD BOOK NUMBER
International Standard Book Number 1-57990-056-9
050 ## - LIBRARY OF CONGRESS CALL NUMBER
Classification number REF TT 615
050 ## - LIBRARY OF CONGRESS CALL NUMBER
Item number .M38 1998
100 ## - MAIN ENTRY--PERSONAL NAME
Personal name Mathews, Kate.
245 #0 - TITLE STATEMENT
Title Quick and easy vest and jackets :
245 #0 - TITLE STATEMENT
Remainder of title creative fashions to sew /
245 #0 - TITLE STATEMENT
Statement of responsibility, etc Kate Mathews.
260 ## - PUBLICATION, DISTRIBUTION, ETC. (IMPRINT)
Place of publication, distribution, etc USA :
260 ## - PUBLICATION, DISTRIBUTION, ETC. (IMPRINT)
Name of publisher, distributor, etc Lark Books.,
260 ## - PUBLICATION, DISTRIBUTION, ETC. (IMPRINT)
Date of publication, distribution, etc 1999
300 ## - PHYSICAL DESCRIPTION
Extent 128 pages :
300 ## - PHYSICAL DESCRIPTION
Other physical details colored illustrations ;
300 ## - PHYSICAL DESCRIPTION
Dimensions 26 cm.
500 ## - GENERAL NOTE
General note Includes index.
650 ## - SUBJECT ADDED ENTRY--TOPICAL TERM
Topical term or geographic name as entry element Coats.
650 ## - SUBJECT ADDED ENTRY--TOPICAL TERM
Topical term or geographic name as entry element Vests.
650 ## - SUBJECT ADDED ENTRY--TOPICAL TERM
General subdivision Jackets.
Holdings
Withdrawn status Lost status Damaged status Home library Current library Shelving location Date acquired Cost, normal purchase price Total Checkouts Full call number Barcode Date last seen Price effective from Koha item type
      South Mansfield College South Mansfield College Reference Section 03/07/2005 468.00   REF TT 615 .M38 1998 SMC01957 06/20/2018 06/20/2018  

Quick and easy vest and jackets :

APA

Mathews K., .Quick and easy vest and jackets. USA: .

Chicago

Mathews Kate, .Quick and easy vest and jackets. USA: .

Harvard

Mathews K., .Quick and easy vest and jackets. USA: .

MLA

Mathews Kate, .USA: . .

  • Place hold
  • Print
  • Cite
  • Add to your cart (remove)
  • Save record
    BIBTEX Dublin Core MARCXML MARC (non-Unicode/MARC-8) MARC (Unicode/UTF-8) MARC (Unicode/UTF-8, Standard) MODS (XML) RIS
  • More searches
    Search for this title in:
    Other Libraries (WorldCat) Other Databases (Google Scholar) Online Stores (Bookfinder.com) Open Library (openlibrary.org)

Exporting to Dublin Core...

SOUTHVILLE LIBRARY

Southville International School and Colleges Library

1281 Tropical Ave. Cor. Luxembourg St., BF Homes International, Las Pinas City

Tel. No. 8256374 / 252358 Loc. 117/146

Powered by Koha